000 00317nam a22001337a 4500
008 170504b xxu||||| |||| 00| 0 eng d
020 _a9780316811132
041 _aeng
080 _a34
100 _a13
101 _aSHJ
245 _aJURY SELECTION SAMPLE VAIR DIRE QUESTITIONS
_cSTARRR.V.H
942 _2udc
_cBK
999 _c12607
_d12607